| 000 | 00643cam a2200241 a 4500 | ||
|---|---|---|---|
| 999 |
_c6602 _d6602 |
||
| 001 | 622021 | ||
| 003 | OCoLC | ||
| 005 | 20190117164450.0 | ||
| 008 | 730419s1972 miuc 000 0aeng | ||
| 010 | _a72085565 | ||
| 040 |
_aDLC _cDLC _dBSC |
||
| 082 |
_a133.4 _bB642E |
||
| 092 |
_a133.4092 _bB642e |
||
| 100 | 1 | _aBlankenship, Roberta. | |
| 245 | 1 | 0 |
_aEscape from witchcraft / _cRoberta Blankenship. |
| 260 |
_aGrand Rapids : _bZondervan Pub. House, _cc1972. |
||
| 300 |
_a114 p. : _bport. ; _c18 cm. |
||
| 490 | 0 | _aZondervan books | |
| 600 | 1 | 0 | _aBlankenship, Roberta. |
| 650 | 0 | _aWitchcraft. | |
| 650 | 0 | _aConversion. | |
| 942 |
_2ddc _cBK |
||